000
00247nam a2200097Ia 4500
008
240331s9999 xx 000 0 und d
082
_b
LIO
100
_a
Lionnet, F
245
0
_a
Postcolonial representations :
_b
women, literature, Identity
942
_c
L
999
_c
3152
_d
3152